Т. 4 : Иудейская война; Испанская баллада: романы; Собрание сочинений

Bibliographische Detailangaben
Parent link:Собрание сочинений: в 6 т./ Л. Фейхтвангер; пер. с нем. В. Станевич ; Н. Касаткина ; под ред. А. С. Дмитриев. Т. 4: Иудейская война; Испанская баллада.— , 1988-.— 5-280-00307-7
Sprache:Russisch
Veröffentlicht: 1988
Schlagworte:
Format: Buch
KOHA link:https://koha.lib.tpu.ru/cgi-bin/koha/opac-detail.pl?biblionumber=170963

MARC

LEADER 00000nam2a2200000 4500
001 170963
005 20231031163850.0
010 |a 5280008125 
035 |a (RuTPU)RU\TPU\book\185405 
035 |a RU\TPU\book\185404 
090 |a 170963 
100 |a 20091130d1988 m y0rusy50 ca 
101 1 |a rus  |c ger 
102 |a RU 
105 |a y z 000ay 
200 0 |a Т. 4 : Иудейская война; Испанская баллада  |e романы 
210 |d 1988 
215 |a 782 с. 
461 1 |0 (RuTPU)RU\TPU\book\147907  |y 5-280-00307-7  |t Собрание сочинений  |o в 6 т.  |f Л. Фейхтвангер  |v Т. 4: Иудейская война; Испанская баллада  |g пер. с нем. В. Станевич ; Н. Касаткина ; под ред. А. С. Дмитриев  |d 1988- 
610 1 |a немецкая литература 
610 1 |a романы 
610 1 |a Германия 
610 1 |a 20 век 
610 1 |a германский фашизм 
675 |a 83  |v 3 
801 1 |a RU  |b 63413507  |c 20080423  |g PSBO 
801 2 |a RU  |b 63413507  |c 20091130  |g RCR 
942 |c BK